Mesto získalo projekt na rozvoj doseparovania odpadov

Salvato in:
Dettagli Bibliografici
Autore principale: Bergendi, Tomáš, 1984-
Natura: Capitolo di libro
Lingua:slovacco
Tags: Aggiungi Tag
Nessun Tag, puoi essere il primo ad aggiungerne!!

MARC

LEADER 00000naa a2200000 4500
001 0155050
005 20240502072727.5
041 0 |a slo 
044 |a SK 
245 1 0 |a Mesto získalo projekt na rozvoj doseparovania odpadov  |c Tomáš Bergendi 
100 1 |a Bergendi, Tomáš, 1984-